Quick Pick: Winnie-the-Pooh Animals Quiz Stats

 Plays Quiz Updated Aug 19, 2019

Score 0/8 Timer 00:30
2 Plays Today
% Correct
Tiger
97.4%
Rabbit
97.3%
Owl
97%
Kangaroo
95.8%
Donkey
94.5%
Pig
94%
Bear
91.4%
Gopher
57.4%

Today's Daily Dose

Missing Word
Sherlocks

Word Ladder
King of the Hill

Quick Pick
Songs in Pink

Get the Picture
NBA Teammates

You're not logged in!

Compare scores with friends on all Sporcle quizzes.
OR
Log In

Sporcle TV

Today on Sporcle TV


Watch our educational content, quiz creation guides, and fun videos on Sporcle TV.

Show Comments

Extras

Top Quizzes Today


Score Distribution

Your Account Isn't Verified!

In order to create a playlist on Sporcle, you need to verify the email address you used during registration. Go to your Sporcle Settings to finish the process.

Report this User

Report this user for behavior that violates our Community Guidelines.

Details: